000 00790cab a2200181 4500
001 130657
008 050823n2005 000 0 eng u
035 _a(Sirsi) u130657
041 _aeng
100 _aHume, Ian
245 _aInstalling services in historic buildings
260 _c2005
490 _aContext
_v(90) July 2005, 17-18(2)
520 _aDiscusses what should be considered when installing modern services in historic buildings in order to minimise damage and to maintain their historic character. Advises early consideration of the service requirements of the building and to involve the services and structural engineers from an early stage.
590 _aIKA300805
690 _aBUILT ENVIRONMENT-BUILDING TYPES-HISTORIC BUILDINGS AND ANCIENT MONUMENTS
942 _n0
999 _c75760
_d75760